| 000 | 00794npm a2200229 i 4500 | ||
|---|---|---|---|
| 001 | 5289 | ||
| 003 | ES-MaACL | ||
| 005 | 20230909115906.0 | ||
| 007 | hzrazu bucu | ||
| 008 | 900427r19901820sp a 00010 spa d | ||
| 080 | _a34(46)(09) | ||
| 080 | _a34(465.1)(09) | ||
| 100 | 1 |
_aZuaznávar y Francia, José María. _9134055 |
|
| 245 | 1 | 0 |
_aEnsayo historico-critico sobre la legislacion de Navarra _b: [Microforma] / _cpor Jose Maria Zuaznavar. |
| 260 |
_aMadrid : _bAteneo Cientifico, Literario y Artistico, _c1990. |
||
| 300 |
_a1 carrete de microfilme : _bnegativo ; _c16 mm. |
||
| 500 | _aPublicado originalmente: Pamplona, Impr. Vda. de Rada, 1820. | ||
| 650 | 1 | 4 |
_aObras de 1800. _915662 |
| 852 |
_aES-MaACL _jMC-388 _95406 |
||
| 942 |
_2udc _cMICROFORMA |
||
| 999 |
_c5289 _d5289 |
||